| 000 | 00000nas 2200000zi 4500 |
| 001 | 9.867390 |
| 003 | CaOODSP |
| 005 | 20241203113645 |
| 006 | m o d f |
| 007 | cr cn |||||||| |
| 008 | 190121c20139999qucar pso f0 a0eng|d |
| 022 | |a2562-3303|y1719-0487 |
| 040 | |aCaOODSP|beng|erda|cCaOODSP |
| 043 | |an-cn--- |
| 086 | 1 |aEn81-29E-PDF|zEn81-6E-PDF |
| 222 | 0|aTechnical guidance on reporting greenhouse gas emissions |
| 245 | 00|aTechnical guidance on reporting greenhouse gas emissions / |cFacility Greenhouse Gas Emissions Reporting Program. |
| 246 | 1 |iIssues for October 2014-December 2016 have subtitle : |aFacility greenhouse gas emissions reporting |
| 264 | 1|aGatineau, QC : |bEnvironment Canada = Environnement Canada, |c[2013]- |
| 310 | |aAnnual |
| 336 | |atext|btxt|2rdacontent |
| 337 | |acomputer|bc|2rdamedia |
| 338 | |aonline resource|bcr|2rdacarrier |
| 362 | 1 |aBegan with April 2013. |
| 500 | |3Issued also in French under title: Guide technique pour la déclaration des émissions de gaz à effet de serre. |
| 550 | |aIssued 2016- by Environment and Climate Change Canada. |
| 692 | 07|2gccst|aGreenhouse gases |
| 710 | 1 |aCanada. |bEnvironment Canada. |
| 710 | 2 |aGreenhouse Gas Reporting Program (Canada) |
| 710 | 2 |aFacility Greenhouse Gas Emissions Reporting Program (Canada) |
| 710 | 1 |aCanada. |bEnvironment and Climate Change Canada. |
| 775 | 08|tGuide technique pour la déclaration des émissions de gaz à effet de serre : |w(CaOODSP)9.867391 |
| 780 | 00|tGreenhouse gas emissions reporting |w(CaOODSP)9.505953 |